| 000 | 00402cam a2200145 4500 | ||
|---|---|---|---|
| 008 | 190611n 000 0 eng u | ||
| 020 | _a9780141328522 | ||
| 035 | _a(Sirsi) a211504 | ||
| 050 | _aPZ7.M478897 MEA 2007. | ||
| 100 | _aMead, Richelle. | ||
| 245 |
_aVampire academy/ _cRichelle Mead. |
||
| 260 |
_aNew York: _bRazorbill, _c2007. |
||
| 300 | _a332pages. | ||
| 650 | _aVampires, Juvenile Fiction. | ||
| 999 |
_c985 _d985 |
||